000 00768nam a2200205 a 4500
001 000041665
005 20201002035708.0
008 130725s1991 sp a 001 0 spa d
020 _a8400072014
040 _aDO-SdBNP
_bspa
_cBNPHU
100 1 _aLeón Tello, Francisco José
_968456
245 1 0 _aEstudios de historia de la teoría musical /
_cFrancisco José León Tello.
250 _a2a. ed.
260 _aMadrid :
_bConsejo Superior de Investigaciones Científicas.,
_c1991.
300 _a695 p. :
_bil. ;
_c29 cm.
490 1 _aTextos universitarios
_v14
500 _aIncluye referencias bibliográficas y notas al pie de las páginas
710 2 _aConsejo Superior de Investigaciones Científicas(España)
_967719
830 0 _aTextos universitarios
_v14
_91147
999 _c41155
_d41155